• 首页
  • 本馆介绍
  • 公告通知
  • 最新文献
  • 馆藏检索
  • 电子资源
  • 读者导购
  • 参考咨询
  • 我的图书馆
  • 登录
  • 详细信息显示
  • 放入我的书架
  • 预约/预借图书
  • 作者相关作品
  • 分类相关作品
  • 丛书相关作品
  • 出版社相关作品

书目信息

  • 表格格式
  • 工作单格式
  • 卡片格式
题名:
大学英语六级阅读过关必练500题
    
 
作者: 赵建昆 主编
分册:  
出版信息: 北京   中国石化出版社  2014
页数: 200页
开本: 26cm
丛书名:
单 册:
中图分类: H319.37-44
科图分类:
主题词: 英语--Ying Yu--阅读教学--高等学校--习题集
电子资源:
ISBN: 978-7-5114-2979-7
000 00787nam0 22002291 450
001 0101082353
005 20161202091256.21
010    @a978-7-5114-2979-7@dCNY29.80
100    @a20141027d2014 em y0chiy50 ea
101 0  @achi@aeng
102    @aCN@b110000
105    @ay zq 000yy
106    @ar
200 1  @a大学英语六级阅读过关必练500题@ADa Xue Ying Yu Liu Ji Yue Du Guo Guan Bi Lian 500Ti@f赵建昆主编
210    @a北京@c中国石化出版社@d2014
215    @a200页@d26cm
330    @a本书分为四个部分,内容包括:仔细阅读题精讲精练、匹配题精讲精练、选词填空题精讲精练、综合练习题。
606 0  @a英语@AYing Yu@x阅读教学@x高等学校@j习题集
690    @aH319.37-44@v5
701  0 @a赵建昆@AZhao Jian Kun@4主编
801  0 @aCN@bTANGWEI@c20161128
905    @b0950515-9@dH319.37-44@e185@f5
    
    大学英语六级阅读过关必练500题/赵建昆主编.-北京:中国石化出版社,2014
    200页;26cm
    
    
    ISBN 978-7-5114-2979-7:CNY29.80
    本书分为四个部分,内容包括:仔细阅读题精讲精练、匹配题精讲精练、选词填空题精讲精练、综合练习题。
●
相关链接 在E读中查询图书 在五车中查询图书 在当当中查询图书 在豆瓣中查询图书


正题名:大学英语六级阅读过关必练500题     索取号:H319.37-44/185         预约/预借

序号 登录号 条形码 馆藏地/架位号 状态 备注
1 0950515   209505150   第二样本阅览室/ [索取号:H319.37-44/185] 在馆    
2 0950516   209505169   第四借阅区/ [索取号:H319.37-44/185] 在馆    
3 0950517   209505178   第四借阅区/ [索取号:H319.37-44/185] 在馆    
4 0950518   209505187   第四借阅区/ [索取号:H319.37-44/185] 在馆    
唐山师范学院图书馆 欢迎您!
大连网信软件有限公司© 版权所有